000 00774aam a2200301 i 4500
001 768714001
003 CO-MdFUSB
005 20250520114026.0
007 ta
008 250520t1981 -us |||| |||| 00| 0 eng d
020 _a0-8024-8219-8
040 _cCO-MdFUSB
041 0 _aeng
082 0 4 _223
_a248.4
_bB6611r
100 1 _aBly, Stephen A. (1944-)
_eautor
245 1 0 _aRadical discipleship
_c/ Stephen A. Bly
264 1 _bMoody Press,
_aChicago, USA :
_c[1981]
264 4 _c©1981
300 _a157 páginas
336 _atexto
_btxt
_2rdacontent
337 _2rdamedia
_asin mediación
_bn
338 _2rdacarrier
_avolumen
_bnc
563 _aRústico
650 0 _aVida cristiana
_919
942 _cBK
945 _aJTF-925
999 _c35766
_d35766